| 000 | 00591 a2200253 4500 | ||
|---|---|---|---|
| 260 | _aParis | ||
| 630 | _a58 - Botanique | ||
| 037 | _b1, Achat | ||
| 650 | _a5 - SCIENCES EXACTES ET NATURELLES | ||
| 100 | _aLoiseau, J.-E. | ||
| 440 | _n4 | ||
| 260 | _bMasson et Cie | ||
| 245 | _aLa phyllotaxie | ||
| 300 | _a223 p. | ||
| 650 | _aBiologie végétale | ||
| 260 | _c1969 | ||
| 300 | _b24cm | ||
| 100 | _lFr | ||
| 440 | _aCollection de monographies de botanique et de biologie végétale | ||
| 037 | _a9883 | ||
| 700 | _apréf., Plantefol, L. | ||
| 999 |
_c41707 _d41707 |
||